Não são horas de brincar (Record no. 45844)

MARC details
000 -Etiqueta do registo
Valores 00821nam a2200265 4500
010 ## - Número ISBN
ISBN 9789725974384
021 ## - Número do Depósito Legal
Número 500084/22
100 ## - Dados gerais de processamento
Dados gerais 20221129d2022 c y0pory50030103ba
101 1# - Língua de publicação
Língua por
102 ## - País de publicação
País PT
200 1# - Titulo e menção de responsabilidade
Título próprio Não são horas de brincar
Primeira menção de responsabilidade texto Lawrence Schimel, il. Elina Braslina
Outras menções de responsabilidade trad. Helder Bértolo
210 #9 - Publicação
Local de publicação [S.l.]
Nome do editor CIG,
Data de publicação 2022
215 ## - Descrição física 
Paginação / Volumes 1 v.
Outras indicações físicas il.
Dimensões 15 cm
675 ## - CDU
Notação 82-93
675 ## - CDU
Notação 087.5
Edição BN
Língua por
675 ## - CDU
Notação 821.111(73)-93"20"
Edição BN
Língua por
675 ## - CDU
Notação 821.111(73)-34"20"
Edição BN
Língua por
700 #1 - Autor principal
Apelido Schimel,
Nome Lawrence,
Datas 1971-
701 #1 - Autor co-responsavel
Apelido Braslina,
Nome Elina,
Datas 1988-
Função 070
702 #1 - Autor secundário
Apelido Bértolo,
Nome Helder
Função 730
801 #0 - Fonte de origem
País PT
Agência BN
Regras de catalogação RPC
856 41 - Localização e acesso electrónico 
URL <a href="http://rnod.bnportugal.gov.pt/ImagesBN/winlibimg.aspx?skey=&doc=2116944&img=171909&save=true">http://rnod.bnportugal.gov.pt/ImagesBN/winlibimg.aspx?skey=&doc=2116944&img=171909&save=true</a>
990 ## - Elementos KOHA
Tipo de documento Livro
Holdings
Aquisição Empréstimo Código de barras Cota Permissão de empréstimo Tipo de documento
Biblioteca Municipal de Redondo Biblioteca Municipal de Redondo 057070 82-93 SCH   Livro

Powered by Koha